000
00324 a2200157 4500
001
61024
020
_a
040
_c
Anchieta - Pituba
100
_a
Laurito, Ilka
240
1
0
_a
Casimiro de Abreu
_l
por
245
1
0
_a
Casimiro de Abreu
300
_a
112
362
0
_a
1982
650
4
_a
Análise e crítica
942
_c
BK
999
_c
61024
_d
61024